000 00303nam a22001337a 4500
008 171003b xxu||||| |||| 00| 0 eng d
020 _a9780393704440
041 _aeng
080 _a159.9
100 _a48
101 _aPSI
245 _aCLINICAL APPLICATIONS OF HYPNOSIS
_cGAFNER,G
942 _2udc
_cBK
999 _c31353
_d31353